000 00366nam a22001577a 4500
003 OSt
008 231230b |||||||| |||| 00| 0 eng d
020 _a9789327279269
082 _a332 SIP
100 _aSINGH,Jagroop
245 _aPrinciples of Banking
250 _a3rd Ed
260 _aNew Delhi
_bKalyani Publishers
_c2023
300 _aMISC
942 _2ddc
_cBK
999 _c12140
_d12140